00836cam a22002411 4500001001300000003000400013005001700017008004100034010001700075035002000092040001900112042001200131050001500143060002200158100003800180245013900218260005800357300001600415500002100431500010000452504002500552999001700577sg 44000109 DLC20260227112742.0810815s1944 xx a 000 0 eng  asg 44000109  a(OCoLC)14721772 aDLCcDNLMdDLC apremarc00aRC863b.I70 aWG 140bI72r 19441 aIrwin, Charles Bruce,d1881-1943.12aA review of electrocardiographic interpretation,cby Charles B. Irwin, M. D., Ralph E. Dolkart, M. D., and E. W. Passarelli, M. D. ... aChicago, Ill.,bNorthwestern university pressc[1944] a44 p.bill. a"First edition." a"Arranged for use primarily by students at Northwestern university Medical school." - Foreword. a"References": p. 44. c90375d90375